Les Aventures de Tintin - Le Secret de La Licorne - Statistiques

Statistiques générales
  • Ce quiz a été pris 912 fois
  • Le résultat moyen est 13 sur 18
Statistiques - réponses
Question Réponse % Correct
Comment se nomme le capitaine du bateau pirate ? Rackham le Rouge
98%
Alors que la Licorne fait feu sur un bateau pirate lancé à sa poursuite, ce dernier hisse le pavillon rouge. Quelle en est la signification ? « pas de quartier »
92%
Quelle est leur profession ? Antiquaires
89%
Dans quelle partie des maquettes sont cachés les morceaux de parchemins ? Dans le mât central
89%
Quel est le prénom du Chevalier de Hadoque, ancêtre du capitaine Haddock ? François
87%
Qui Tintin rencontre-t-il pour la première fois dans cette aventure ? Nestor
86%
Parmi ces objets, lequel N'EST PAS utilisé par Tintin pour s'évader de la crypte ? Une pelle
84%
Que transportait principalement la Licorne dans son voyage retour vers l'Europe ? Du rhum
83%
Comment se nomment les hommes qui font enlever Tintin ? Les Frères Loiseau
82%
Dans quel château Tintin est-il retenu prisonnier ? Le Château de Moulinsart
81%
Comment se nomme le pickpocket, arrêté par Dupond et Dupont ? Aristide Filoselle
74%
Que voulaient acheter Dupond et Dupont au Vieux Marché ? Des cannes
71%
Comment se nomme le premier homme qui tente de racheter le bateau à Tintin ? Ivan Ivanovitch Sakharine
69%
Le Chevalier de Hadoque est "Capitaine de la Marine du Roy". De quel roi s'agit-il ? Louis XIV
69%
Complétez le message codé des parchemins :
« C'est de la lumière que viendra ...
la lumière... »
55%
Pour enlever Tintin, des hommes prétendent lui livrer un colis. Qu'est censé contenir ce colis ? Un service de table
53%
Combien de temps le Chevalier de Hadoque a-t-il vécu sur l'île ? 2 ans
41%
Combien Tintin achète-t-il la maquette de bateau au Marché ? 40 francs
28%
Aucun quiz correspondant
Distribution des résultats
% des personnes avec chaque résultat
Percentile par nombre de réponses
Votre historique - résultats
Vous n’avez pas pris ce quiz